01440njm a2200277Ia 450000100060000000300090000600500170001500800410003204000130007304000130008604100130009910000160011210000180012810000380014624500250018425000110020926000110022026000650023130000100029630000290030650000490033550505810038465000570096570000800102270000600110262731IT-RoPAU20220918181152.0131025s9999 xx 000 0 und d aIT-RoPAU cIT-RoPAU aITALIANO aZero Renato eAutore musica gCodice autore musica SPICS: 11202 aZero (2 Lp Zl 71539) a1a ed. aITALIA bZEROMANIA MUSICc1987 [1a Ed.:1987 - Ed. Lingua Orig.: 1987] aDISCO c77 minuti (Testo: pag.) aMusica leggera. Canzone italiana. Cantautore aLei (Zero-Conrado-Zero) - Calendario - Verde (Zero-Ciccaglioni-Zero) - Ho dato (Zero-Troiani-Zero) - Vagabondo cuore (Zero-Pintucci-Zero) - Souvenir (Zero-Serio-Zero) - Siamo eroi (Zero-Conrado-Zero) - Facile (Zero-Conrado-Zero) - Astronatività (Zero-Conrado-Zero) - Seminando (Zero-Ciccaglioni-Zero) - Telecomando (Zero-Troiani-Zero) - Artisti (Zero-Lakatos-Zero) - Immunità (Zero-Conrado-Zero) - Promessa (Zero-Conrado-Zero) - Il primatista (Zero-Pintucci-Zero) - Infernale dilemma (Zero-Conrado-Zero) - Più o meno (Zero-Serio-Zero) - Danza macraba (Zero-Conrado-Zero) aLEGGERA ITALIAN [DISCHI]eCodice MATERIA SPICS: 9950 aZero RenatoeAutore testo e musicagCodice autore testo/musica SPICS: 11202 aZero RenatogCodice interprete SPICS: 11202eInterprete